Statistics for Every US City Visited by FlabberBapper

Click here to take the quiz!

General Stats

  • This quiz has been taken 7 times
  • The average score is 19 of 55

Answer Stats

Population City State % Correct
8,175,133New York CityNY
100%
1,301,617San DiegoCA
100%
945,942San JoseCA
100%
3,792,621Los AngelesCA
100%
805,235San FranciscoCA
86%
583,756Las VegasNV
86%
186,440Salt Lake CityUT
71%
601,723Washington, DC~
71%
466,488SacramentoCA
71%
462,257Long BeachCA
57%
247,597Jersey CityNJ
57%
225,221RenoNV
57%
55,274Carson CityNV
57%
55,316CasperWY
43%
104,170BillingsMT
43%
336,265AnaheimCA
43%
48,744West SacramentoCA
29%
92,428VacavilleCA
29%
62,134LodiCA
29%
76,915NapaCA
29%
83,301Citrus HeightsCA
29%
89,736Santa MonicaCA
29%
37,280BozemanMT
29%
88,410Santa BarbaraCA
29%
167,674ChattanoogaTN
29%
105,321FairfieldCA
29%
197,899OxnardCA
29%
118,788RosevilleCA
29%
153,015Elk GroveCA
29%
167,815Santa RosaCA
29%
237,521ArlingtonVA
29%
42,819LincolnCA
14%
45,119San Luis ObispoCA
14%
44,552Palm SpringsCA
14%
99,553Santa MariaCA
14%
42,434LompocCA
14%
29,793Paso RoblesCA
14%
27,810MontereyCA
14%
23,647GaltCA
14%
21,403South Lake TahoeCA
14%
33,025SeasideCA
14%
56,974RocklinCA
14%
102,372AntiochCA
14%
57,941PetalumaCA
14%
59,946Santa CruzCA
14%
64,173Walnut CreekCA
14%
64,776Rancho CordovaCA
14%
64,925Yuba CityCA
14%
72,203FolsomCA
14%
122,067ConcordCA
14%
82,922TracyCA
14%
106,433VenturaCA
14%
20,840Klamath FallsOR
14%
51,904NovatoCA
0%
65,622DavisCA
0%

Score Distribution

Percentile by Number Answered

Percent of People with Each Score

Your Score History

You have not taken this quiz